000 00414nam a2200157Ia 4500
008 210210b1976 xxu||||| |||| 00| 0 eng d
082 _a547 BAHT
100 _aBAHL (B S) & BAHL (Arun).
245 _aText book of organic chemistry.Ed 11.
250 _a
260 _aNew Delhi
_bS. Chand & Co. Ltd.
_c1976
300 _aviii,912
650 _aOrganic chemistry
690 _aOrganic Chemistry
906 _a033616
999 _c84392
_d84392